[Event "Ladder Tournament #3 Large"]
[Site "SchemingMind.com"]
[Date "2007.04.09"]
[Round "-"]
[White "spoke"]
[Black "Argeon"]
[Result "0-1"]
[WhiteCountry "GER"]
[BlackCountry "BEL"]
[WhiteElo "1726"]
[WhiteRD "63"]
[BlackElo "1936"]
[BlackRD "75"]
[GameID "99984"]

1. e4 c5 2. Nf3 Nc6 3. d4 cxd4 4. Nxd4 Qb6 5. Nb3 Nf6 6. Nc3 e6 7. Be3 Qc7 8. Be2 Bb4 9. f3 Bxc3+ 10. bxc3 d5
11. exd5 Nxd5 12. Qd2 O-O 13. O-O Rd8 14. Rad1 e5 15. Bg5 Qb6+ 16. Kh1 f6 17. Bh4 Ne3 18. Qc1 Nxd1 19. Rxd1 Rxd1+ 20. Qxd1 Be6
0-1

[Event "Ladder Tournament #3 Large"]
[Site "SchemingMind.com"]
[Date "2007.04.12"]
[Round "-"]
[White "Americanus illinoisus"]
[Black "GM Hector Walsh"]
[Result "0-1"]
[WhiteCountry "USA"]
[BlackCountry "ARG"]
[WhiteElo "1724"]
[WhiteRD "224"]
[BlackElo "2523"]
[BlackRD "128"]
[GameID "100623"]

1. e4 c5 2. Nc3 Nc6 3. f4 g6 4. Nf3 Bg7 5. Bb5 Nd4 6. O-O Nxb5 7. Nxb5 d6 8. Rb1 Nf6 9. d3 O-O 10. Bd2 Bd7
11. Nc3 b5 12. a3 b4 13. axb4 cxb4 14. Ne2 a5 15. c3 a4 16. cxb4 Qb6+ 17. Kh1 Qa6 18. Ne1 a3 19. bxa3 Ba4 20. Qc1 Rfc8
21. Qb2 Nxe4 22. Qa2 Bd7 23. Rd1 Bg4 24. Be3 Bxe2 25. Qxe2 Nc3 26. Qf3 Nxd1 27. Qxd1 Qxa3 28. Qb1 Ra4 29. Nc2 Qxd3
0-1

[Event "Ladder Tournament #3 Large"]
[Site "SchemingMind.com"]
[Date "2007.04.12"]
[Round "-"]
[White "GM Hector Walsh"]
[Black "Americanus illinoisus"]
[Result "1-0"]
[WhiteCountry "ARG"]
[BlackCountry "USA"]
[WhiteElo "2523"]
[WhiteRD "128"]
[BlackElo "1724"]
[BlackRD "224"]
[GameID "100633"]

1. e4 c5 2. Nf3 d6 3. d4 cxd4 4. Qxd4 Nc6 5. Bb5 a6 6. Bxc6+ bxc6 7. O-O Nf6 8. e5 c5 9. Qh4 Nd5 10. Rd1 Bb7
11. Na3 g6 12. Nc4 dxe5 13. Ne3 e6 14. Qa4+ Ke7 15. Nxd5+ Bxd5 16. c4
1-0

[Event "Ladder Tournament #3 Large"]
[Site "SchemingMind.com"]
[Date "2007.04.20"]
[Round "-"]
[White "egis"]
[Black "griffimv"]
[Result "0-1"]
[WhiteCountry "LTU"]
[BlackCountry "INT"]
[WhiteElo "1988"]
[WhiteRD "77"]
[BlackElo "2363"]
[BlackRD "85"]
[GameID "101186"]

1. d4 Nf6 2. Nd2 d5 3. e3 Bf5 4. Ngf3 e6 5. Bb5+ c6 6. Be2 Bd6 7. O-O Nbd7 8. c3 Qc7 9. b4 Ne4 10. Bb2 Ndf6
11. a4 Nxd2 12. Qxd2 Ne4 13. Qe1 O-O 14. a5 h6 15. h3 Rfe8 16. Bd3 Qe7 17. Bxe4 Bxe4 18. Qe2 Qf6 19. Nd2 Bg6 20. Ba3 Qf5
21. c4 e5 22. c5 Bc7 23. Bb2 Qc2 24. Ra2 Bd3 25. Qd1 Qxd1 26. Rxd1 e4 27. Bc3 g5 28. Nb3 f5 29. Nc1 Bc4 30. Rb2 f4
31. exf4 gxf4 32. Bd2 Re6 33. Rc2 e3 34. Bc3 Rf8 35. f3 Bd8 36. Be1 Rfe8 37. Rc3 e2 38. Rd2 Re3 39. Rxe3 Rxe3 40. Kh2 Kg7
41. h4 Kg6 42. Rc2 h5 43. Rd2 Kf5 44. Kh3 Bf6 45. Rc2 Bxd4 46. Kh2 a6 47. Kh1 Bb5 48. Kh2 Bf6 49. Ra2 d4 50. Rd2 d3
51. Na2 Bd4 52. Kh3 Bc4 53. b5 axb5 54. a6 bxa6 55. Kh2 a5 56. Kh1 b4 57. Nc1 b3 58. Nxd3 Rxd3 59. Rxe2 Re3 60. Bf2 Bxe2
61. Kh2 b2 62. Bg1 Rd3 63. Bxd4 Rxd4 64. g3 b1=Q
0-1

[Event "Ladder Tournament #3 Large"]
[Site "SchemingMind.com"]
[Date "2007.04.20"]
[Round "-"]
[White "griffimv"]
[Black "egis"]
[Result "1-0"]
[WhiteCountry "INT"]
[BlackCountry "LTU"]
[WhiteElo "2375"]
[WhiteRD "81"]
[BlackElo "1998"]
[BlackRD "75"]
[GameID "101190"]

1. e4 d5 2. exd5 Qxd5 3. Nc3 Qa5 4. d4 e6 5. Nf3 Bb4 6. Bd2 Ne7 7. a3 Bd6 8. Nb5 Qb6 9. c4 Qc6 10. c5 Bxc5
11. dxc5 a6 12. Qa4 O-O 13. Nc3 Qxc5 14. Qb4 Qxb4 15. axb4 c6 16. Bd3 b5 17. Ne4 Rd8 18. Ke2 f6 19. Rhd1 e5 20. Be3 Nd5
21. Bc2 Bg4 22. h3 Bh5 23. Nc3 Bf7 24. Be4 Rd7 25. Bf5 Rd8 26. Nxd5 cxd5 27. Bb6 Rd6 28. Rac1 Rc6 29. Be3 g5 30. Bc8 d4
31. Bb7 Rxc1 32. Rxc1 Ra7 33. Rc8+ Kg7 34. Rxb8 Bc4+ 35. Kd2 dxe3+ 36. Kxe3 a5 37. bxa5 Rxa5 38. Nd2 h5 39. Nxc4 bxc4 40. Bc8 Rc5
41. Be6 c3 42. Rb7+ Kf8 43. bxc3 Rc6 44. Bd5 Rxc3+ 45. Ke4 Rc2 46. Rf7+ Ke8 47. Rxf6 Ke7 48. Re6+ Kd8 49. Ra6 Re2+ 50. Kf5 Rxf2+
51. Kxe5 Kc7 52. Rc6+ Kd7 53. Rb6 Re2+ 54. Be4 Rf2 55. Rb7+ Kc8 56. g3 h4 57. gxh4 gxh4 58. Bd5 Rf1 59. Rg7 Kb8 60. Ke6 Kc8
61. Kd6 Rf6+ 62. Ke5 Rh6 63. Be6+ Kb8 64. Kd5 Rh5+ 65. Kc6 Re5 66. Rg8+ Ka7 67. Bd5 Re2 68. Rg7+ Kb8 69. Kd6 Rc2 70. Rb7+ Kc8
71. Rb4 Kd8 72. Rxh4 Re2 73. Rh7 Re3 74. h4 Re1 75. Rh8+ Re8 76. Rxe8+
1-0

[Event "Ladder Tournament #3 Large"]
[Site "SchemingMind.com"]
[Date "2007.04.19"]
[Round "-"]
[White "loco61"]
[Black "ekulrac"]
[Result "1-0"]
[WhiteCountry "ENG"]
[BlackCountry "SCO"]
[WhiteElo "1527"]
[WhiteRD "60"]
[BlackElo "1557"]
[BlackRD "59"]
[GameID "101753"]

1. e4 Nc6 2. Nf3 e5 3. Bc4 Nf6 4. Ng5 d5 5. Bb3 h6 6. Nxf7 Kxf7 7. exd5 Nd4 8. c4 Nxb3 9. Qxb3 Bd6 10. d3 Rf8
11. Be3 b6 12. Nc3 Kg8 13. Ne4 Ng4 14. O-O-O Nxe3 15. fxe3 Bf5 16. Nxd6 cxd6 17. e4 Bg4 18. Rde1 Rf2 19. h3
1-0

[Event "Ladder Tournament #3 Large"]
[Site "SchemingMind.com"]
[Date "2007.05.28"]
[Round "-"]
[White "lea_dc"]
[Black "embuchador"]
[Result "0-1"]
[WhiteCountry "ARG"]
[BlackCountry "INT"]
[WhiteElo "1632"]
[WhiteRD "85"]
[BlackElo "1751"]
[BlackRD "105"]
[GameID "106726"]

1. e4 Nf6 2. e5 Nd5 3. d4 d6 4. c4 Nb6 5. Nf3 Bg4 6. exd6 cxd6 7. Be2 Nc6 8. O-O e5 9. dxe5 dxe5 10. Qxd8+ Rxd8
11. Re1 e4 12. Nfd2 Bxe2 13. Rxe2 f5 14. Nc3 Nd4 15. Re1 Nc2
0-1

[Event "Ladder Tournament #3 Large"]
[Site "SchemingMind.com"]
[Date "2007.05.28"]
[Round "-"]
[White "embuchador"]
[Black "lea_dc"]
[Result "0-1"]
[WhiteCountry "INT"]
[BlackCountry "ARG"]
[WhiteElo "1670"]
[WhiteRD "101"]
[BlackElo "1647"]
[BlackRD "85"]
[GameID "106734"]

1. c4 c5 2. Nc3 Nc6 3. Nf3 g6 4. d3 Bg7 5. Qc2 Nf6 6. Bg5 O-O 7. e3 e6 8. a3 d5 9. cxd5 exd5 10. Ne2 h6
11. Bh4 Qa5+ 12. Qc3 Bf5 13. Ng3 Qxc3+ 14. bxc3 Be6 15. d4 g5 16. Nxg5 hxg5 17. Bxg5 cxd4 18. cxd4 Nh7 19. Bh4 Bf6 20. Bxf6 Nxf6
21. Bd3 Kg7 22. h4 Rh8 23. h5 Rh6 24. Rh4 Rc8 25. Kd2 Bg4 26. Rxg4+ Nxg4 27. Nf5+ Kh7 28. Ne7+ Kg7 29. Nxc8 Nxf2
0-1

[Event "Ladder Tournament #3 Large"]
[Site "SchemingMind.com"]
[Date "2007.06.11"]
[Round "-"]
[White "Chesster"]
[Black "Piotr Król"]
[Result "1-0"]
[WhiteCountry "USA"]
[BlackCountry "POL"]
[WhiteElo "1664"]
[WhiteRD "105"]
[BlackElo "1769"]
[BlackRD "90"]
[GameID "108655"]

1. e4 e6 2. d4 d5 3. exd5 exd5 4. Nf3 Bd6 5. Nc3 Ne7 6. Bd3 O-O 7. O-O Bg4 8. Bg5 f6 9. Bh4 Nbc6 10. Nb5 Bf4
11. Bg3 Bxg3 12. fxg3
1-0

[Event "Ladder Tournament #3 Large"]
[Site "SchemingMind.com"]
[Date "2007.06.10"]
[Round "-"]
[White "Piotr Król"]
[Black "Chesster"]
[Result "0-1"]
[WhiteCountry "POL"]
[BlackCountry "USA"]
[WhiteElo "1769"]
[WhiteRD "90"]
[BlackElo "1664"]
[BlackRD "105"]
[GameID "108663"]

1. d4 d5 2. c4 dxc4 3. e4 Nf6 4. Nc3 e6 5. Bxc4 Bb4 6. Bg5 h6 7. Bxf6 Qxf6 8. Nf3 Bxc3+ 9. bxc3 Nc6 10. O-O Qf4
11. e5 O-O 12. Re1 b6
0-1

[Event "Ladder Tournament #3 Large"]
[Site "SchemingMind.com"]
[Date "2007.06.21"]
[Round "-"]
[White "jnable"]
[Black "loco61"]
[Result "1-0"]
[WhiteCountry "PHI"]
[BlackCountry "ENG"]
[WhiteElo "1760"]
[WhiteRD "132"]
[BlackElo "1505"]
[BlackRD "65"]
[GameID "109610"]

1. e4 e5 2. Nf3 Nc6 3. Bb5 d6 4. Bxc6+ bxc6 5. O-O Bg4 6. h3 Bh5 7. d3 Nf6 8. Bg5 h6 9. Bh4 Be7 10. Nbd2 d5
11. g4 Nxg4 12. Bxe7 Qxe7 13. hxg4 Bxg4 14. Kg2 Qf6 15. exd5 cxd5 16. Re1 Bxf3+ 17. Qxf3 Qxf3+ 18. Nxf3 f6 19. Nh4 O-O-O 20. Ng6 Rhe8
21. b4 d4 22. Kf3 Kd7 23. a4 Kd6 24. Nh4 Ke6 25. Kg4 Rd5 26. Nf5 Rg8 27. Rh1 Rdd8= 28. Rae1 Kf7 29. f4 Rde8 30. fxe5 Rxe5
31. Rxe5 fxe5 32. Ng3 Ke6 33. Rf1 g6 34. Ne4 Rg7 35. Rf8 Rf7 36. Rxf7 Kxf7 37. b5 g5 38. Kf5 Kg7 39. Kxe5 Kg6 40. Kxd4 h5
41. Ke3 h4 42. Kf3 Kf5 43. c4 g4+ 44. Ke3 h3 45. Ng3+ Kg5 46. d4 h2 47. c5
1-0

[Event "Ladder Tournament #3 Large"]
[Site "SchemingMind.com"]
[Date "2007.06.19"]
[Round "-"]
[White "loco61"]
[Black "jnable"]
[Result "0-1"]
[WhiteCountry "ENG"]
[BlackCountry "PHI"]
[WhiteElo "1508"]
[WhiteRD "68"]
[BlackElo "1868"]
[BlackRD "115"]
[GameID "109618"]

1. e4 e5 2. Nf3 Nc6 3. Bb5 Bc5 4. O-O Nf6 5. d3 d6 6. Bg5 Bg4 7. h4 h6 8. Bd2 O-O 9. c3 a6 10. Ba4 d5
11. Bxc6 bxc6 12. b4 Ba7 13. Qe1 Bxf3 14. gxf3 Nh5 15. exd5 Qxh4 16. Qxe5 cxd5 17. d4 Rfe8 18. Qh2 Qxh2+ 19. Kxh2 Rad8 20. Rg1 Kh7
21. Be3 Bb8 22. Nd2 c6+ 23. Kh1 Nf4 24. Nf1 Ne2 25. Rg2 Nxc3 26. Ng3 Bxg3 27. Rxg3 Nb5 28. Rag1 g6 29. Rc1 Rd6 30. f4 Na3
31. Rc3 Nc4 32. Kg2 Ra8 33. Bc1 a5 34. bxa5 Rxa5 35. a3 f5 36. Rb3= Rb5 37. Kf1 Rd7 38. Ke2 Rdb7 39. Rxb5 Rxb5 40. Kd1 Ra5
41. Kc2 Kg7 42. Kb3 Rb5+ 43. Kc3 Nd6 44. f3 Kf6 45. a4 Ra5 46. Kb4 Nb7 47. Bd2 Ra8 48. Rg1 Re8 49. a5 Ra8 50. Ra1 Ra6
51. Ka4 Nd6 52. Rb1 Nc4 53. Be1 g5 54. fxg5+ Kxg5 55. Rb3 Kf4 56. Bb4 h5 57. Be1 Kg5 58. Bb4 Ra7 59. Rb1 Kf4 60. Rh1 Kxf3
61. Rxh5 Ke4 62. Bc3 f4 63. Rh6 Ra6 64. Re6+ Kf5 65. Re2 f3 66. Rf2 Ke4 67. Rh2 Ke3 68. Rh3 Ke2 69. Rh2+ f2 70. Kb4 Rxa5
71. Kb3 Ra3+ 72. Kc2 Ne3+ 73. Kb2 Ra8 74. Bb4 Rg8 75. Bd2 Nf1
0-1

[Event "Ladder Tournament #3 Large"]
[Site "SchemingMind.com"]
[Date "2007.07.06"]
[Round "-"]
[White "Argeon"]
[Black "doodledandy"]
[Result "0-1"]
[WhiteCountry "BEL"]
[BlackCountry "CAN"]
[WhiteElo "1916"]
[WhiteRD "79"]
[BlackElo "2476"]
[BlackRD "83"]
[GameID "111918"]

1. d4 Nf6 2. Bg5 c5 3. Bxf6 gxf6 4. d5 Qb6 5. Qc1 f5 6. e3 Bg7 7. c3 d6 8. Nf3 e6 9. Bc4 Na6 10. a4 exd5
11. Bxd5 Nc7 12. Bc4 d5 13. Bd3 Bd7 14. Qc2 c4 15. Be2 O-O-O 16. O-O h5 17. Nbd2 h4 18. Nd4 f4 19. a5 Qa6 20. exf4 Bxd4
21. cxd4 Qf6 22. b3 Ne6 23. bxc4 Nxd4 24. cxd5+ Nxc2 25. Rac1 Bf5 26. Bd1 Qc3 27. Bxc2 Bxc2 28. Ne4 Qb2 29. d6 Kb8 30. Ng5 Rd7
0-1

[Event "Ladder Tournament #3 Large"]
[Site "SchemingMind.com"]
[Date "2007.07.06"]
[Round "-"]
[White "doodledandy"]
[Black "Argeon"]
[Result "1-0"]
[WhiteCountry "CAN"]
[BlackCountry "BEL"]
[WhiteElo "2476"]
[WhiteRD "83"]
[BlackElo "1916"]
[BlackRD "79"]
[GameID "111924"]

1. e4 e5 2. Nf3 Nc6 3. Bb5 a6 4. Bxc6 dxc6 5. O-O Qe7 6. d4 exd4 7. Qxd4 Qd6 8. Qe3 Bg4 9. Nc3 O-O-O 10. Ng5 Nh6
11. Qa7 Qb4 12. Be3 Qxb2 13. Na4 Qxc2 14. Nc5 Bxc5 15. Bxc5 f6 16. Rac1 Qe2 17. h3 fxg5 18. hxg4 Nf7 19. Rb1 Kd7 20. Qxb7 Ne5
21. Rbd1+ Nd3 22. Qxa6 Ke8 23. Qxc6+ Rd7 24. Ba3 Ne5 25. Qe6+ Kd8 26. Rb1 Kc8 27. Rfc1 Qxf2+ 28. Kxf2 Nd3+ 29. Kg3 c5 30. Rxc5+ Nxc5
31. Bxc5 h5 32. Qa6+ Kc7 33. Qb6+ Kc8 34. Qb8#
1-0

[Event "Ladder Tournament #3 Large"]
[Site "SchemingMind.com"]
[Date "2007.09.06"]
[Round "-"]
[White "Chesster"]
[Black "lea_dc"]
[Result "0-1"]
[WhiteCountry "USA"]
[BlackCountry "ARG"]
[WhiteElo "1658"]
[WhiteRD "116"]
[BlackElo "1672"]
[BlackRD "92"]
[GameID "119188"]

1. e4 c5 2. g3 Nc6 3. Bg2 e5 4. Nf3 Nf6 5. Nc3 Be7 6. O-O O-O 7. d3 d5 8. Bg5 dxe4 9. dxe4 Be6 10. b3 Qc7
11. Qe2 Rad8 12. Rad1 Rxd1 13. Rxd1 Nd4 14. Nxd4 cxd4 15. Nb5 Qa5 16. c3 d3 17. Qxd3 h6 18. Bxf6 Bxf6 19. f4 Rd8 20. Qe2 Rxd1+
21. Qxd1 Qxb5 22. f5 Bd7 23. Bf1 Qc6 24. Bg2 Be8 25. c4 b5 26. cxb5 Qxb5 27. h4 a5 28. Bf1 Qb4 29. Qd5 Qd4+ 30. Qxd4 exd4
31. Bc4 a4 32. b4 Be7 33. b5 Bc5 34. Kg2 Kf8 35. Kf3 f6 36. g4 Ke7 37. a3 Kd6 38. Kf4 Kc7 39. e5 fxe5+ 40. Kxe5 Bd7
41. g5 Bd6+ 42. Ke4 hxg5 43. hxg5 Be7 44. g6 Bxa3 45. f6 Bf8 46. f7 Kb6 47. Kxd4 Bxb5 48. Ba2 Be2 49. Kd5 Bd3 50. Ke6 Kc7
51. Kd5 Bxg6 52. Kd4 Kd7 53. Ke5= Ke7
0-1

[Event "Ladder Tournament #3 Large"]
[Site "SchemingMind.com"]
[Date "2007.09.04"]
[Round "-"]
[White "lea_dc"]
[Black "Chesster"]
[Result "0-1"]
[WhiteCountry "ARG"]
[BlackCountry "USA"]
[WhiteElo "1684"]
[WhiteRD "87"]
[BlackElo "1697"]
[BlackRD "113"]
[GameID "119199"]

1. e4 e5 2. Nf3 d6 3. d4 Bg4 4. dxe5 Bxf3 5. Qxf3 dxe5 6. Bc4 f6 7. Qb3 Qd4 8. Bf7+ Kd8 9. Be3 Qb4+ 10. Qc3 Qxe4
11. O-O Bb4 12. Rd1+ Nd7 13. Qb3 Ne7 14. Be6 Bd6 15. Nc3 Qc6 16. Nd5 a6 17. Nxe7 Kxe7 18. Bf7 Nc5 19. Bxc5 Qxc5 20. Qe6+ Kd8
21. Rd2 Rf8 22. Rad1 Rc8 23. Rxd6+ cxd6 24. Rxd6+ Kc7 25. Qe7+ Kb8 26. Rd7 Qxe7 27. Rxe7 Rxc2 28. g3 Rd8 29. Bh5 Rdd2 30. Bf3 Rxb2
0-1

[Event "Ladder Tournament #3 Large"]
[Site "SchemingMind.com"]
[Date "2007.11.16"]
[Round "-"]
[White "GM Hector Walsh"]
[Black "griffimv"]
[Result "1-0"]
[WhiteCountry "ARG"]
[BlackCountry "INT"]
[WhiteElo "2511"]
[WhiteRD "117"]
[BlackElo "2336"]
[BlackRD "78"]
[GameID "128405"]

1. d4 Nf6 2. c4 e6 3. Nc3 Bb4 4. Bg5 h6 5. Bh4 c5 6. d5 Bxc3+ 7. bxc3 d6 8. e3 Qe7 9. Nf3 e5 10. Qc2 Nbd7
11. Nd2 g5 12. Bg3 Kd8 13. Bd3 Kc7 14. f3 h5 15. h4 g4 16. f4 e4 17. Be2 Nb6 18. a4 a5 19. f5 Bxf5 20. O-O Bg6
21. Rab1 Ra6 22. Rb5 Nbd7 23. Rfb1 b6 24. Qb2 Ne8 25. Nb3 Kd8 26. Nd4 cxd4 27. cxd4 Ra8 28. c5 bxc5 29. Rb7 c4 30. Bxc4 Bf5
31. Bb5 Nc7 32. Bc6 Rc8 33. Qf2 Be6 34. dxe6 fxe6 35. Qd2 Rf8 36. Qxa5 Rf5 37. d5 Rxd5 38. Bxd5 exd5 39. Rc1 Nc5 40. Rb6 N5e6
41. Bxd6 Qd7 42. Bxc7+ Ke8 43. Rd6 Qxd6 44. Bxd6 Rxc1+ 45. Kh2
1-0

[Event "Ladder Tournament #3 Large"]
[Site "SchemingMind.com"]
[Date "2007.11.16"]
[Round "-"]
[White "griffimv"]
[Black "GM Hector Walsh"]
[Result "0-1"]
[WhiteCountry "INT"]
[BlackCountry "ARG"]
[WhiteElo "2336"]
[WhiteRD "78"]
[BlackElo "2511"]
[BlackRD "117"]
[GameID "128414"]

1. e4 c5 2. Nf3 d6 3. d4 cxd4 4. Nxd4 Nf6 5. Nc3 a6 6. Be3 e5 7. Nb3 Be6 8. f3 Be7 9. Qd2 O-O 10. O-O-O Nbd7
11. g4 b5 12. g5 b4 13. Ne2 Ne8 14. f4 a5 15. f5 Bxb3 16. cxb3 a4 17. bxa4 Rxa4 18. b3 Ra5 19. Kb1 d5 20. exd5 Bc5
21. Bxc5 Nxc5 22. Qxb4 Nd6 23. Nc3 Qa8 24. Bb5 Rc8 25. Bc6 Qa7 26. g6 Rb8 27. Qh4 Nxb3 28. Qxh7+ Kf8 29. Qh8+ Ke7 30. Qh4+ f6
31. Rhe1 Nd2+ 32. Kc2 Nf3
0-1

[Event "Ladder Tournament #3 Large"]
[Site "SchemingMind.com"]
[Date "2008.01.21"]
[Round "-"]
[White "jnable"]
[Black "Chesster"]
[Result "0-1"]
[WhiteCountry "PHI"]
[BlackCountry "USA"]
[WhiteElo "1835"]
[WhiteRD "91"]
[BlackElo "1681"]
[BlackRD "120"]
[GameID "137598"]

1. e4 e5 2. Nf3 Nc6 3. Bb5 Nge7 4. Nc3 a6 5. Be2 g6 6. d4 exd4 7. Nxd4 Bg7 8. Be3 b5 9. a3 Bb7 10. Qd2 O-O
11. O-O d6 12. Rad1 Ne5 13. Bh6 Qd7 14. Bxg7 Kxg7 15. f3 Rfe8 16. Qf4 Nc4 17. Bxc4 bxc4 18. e5 Kg8 19. exd6 Qxd6 20. Qh6 Rad8
21. Ne4 Bxe4 22. fxe4 c5 23. Nf3 Qxd1 24. Rxd1 Rxd1+ 25. Kf2 Nc6 26. Ng5 Rd7 27. Nxh7 Rd6 28. Ng5 Rf6+ 29. Ke3 Rb8 30. e5 Rf5
31. e6 Re8 32. Qh7+ Kf8 33. Qh6+ Kg8 34. Qh7+ Kf8 35. Qh8+ Ke7 36. Qh4 Kd6 37. Qg3+ Kd5 38. Qg4 Nd4 39. Qe4+ Kd6 40. Qg4 Nxe6
41. Nxe6 Rxe6+ 42. Kd2 Rd5+ 43. Kc3 Re3+ 44. Kxc4 Rd4+
0-1

[Event "Ladder Tournament #3 Large"]
[Site "SchemingMind.com"]
[Date "2008.01.21"]
[Round "-"]
[White "Chesster"]
[Black "jnable"]
[Result "0-1"]
[WhiteCountry "USA"]
[BlackCountry "PHI"]
[WhiteElo "1681"]
[WhiteRD "120"]
[BlackElo "1835"]
[BlackRD "91"]
[GameID "137603"]

1. e4 e6 2. d4 d5 3. Nc3 c5 4. Be3 cxd4 5. Bxd4 Nc6 6. Nf3 Nxd4 7. Qxd4 Nf6 8. exd5 exd5 9. O-O-O Be6 10. g3 Be7
11. Bg2 O-O 12. Ng5 b6 13. Nxe6 fxe6 14. Rhe1 Bc5 15. Qf4 Ne4 16. Qh4 Qxh4 17. gxh4 Nxc3 18. bxc3 Ba3+ 19. Kb1 Rxf2 20. Bh3 Re8
21. Bxe6+ Kf8 22. Bxd5 Rxe1 23. Rxe1 Rxh2 24. Rh1 Rxh1+ 25. Bxh1 b5 26. Bb7 a5 27. Bc6 b4 28. c4 h6 29. c5 g5 30. hxg5 hxg5
31. Bf3 Ke7 32. c6 Kd6 33. c3 bxc3 34. Kc2 Bb2 35. a3 a4 36. Kd3 Bxa3 37. Kxc3 Kc7 38. Kc4 Kb6 39. Kd5 Bf8 40. Ke5 a3
41. Bd5 Kc7 42. Kf5 Be7 43. Kg4 Kd6 44. Ba2 Kxc6 45. Bf7 Kb5 46. Be6 Kb4 47. Bf7 Kc3 48. Bg8 Kb2 49. Bf7 a2 50. Bxa2 Kxa2
51. Kf5 Kb3 52. Kg4 Kc4 53. Kf5 Kd4 54. Kg4 Ke4 55. Kg3 Kf5 56. Kf3 Bd6 57. Ke3 g4 58. Kf2 Ke4 59. Kg2 g3
0-1

[Event "Ladder Tournament #3 Large"]
[Site "SchemingMind.com"]
[Date "2008.02.25"]
[Round "-"]
[White "doodledandy"]
[Black "GM Hector Walsh"]
[Result "1/2-1/2"]
[WhiteCountry "CAN"]
[BlackCountry "ARG"]
[WhiteElo "2461"]
[WhiteRD "91"]
[BlackElo "2539"]
[BlackRD "117"]
[GameID "143232"]

1. e4 c5 2. Nf3 d6 3. Bb5+ Bd7 4. Bxd7+ Qxd7 5. O-O Nc6 6. c3 Nf6 7. d4 Nxe4 8. d5 Ne5 9. Re1 Nf6 10. Nxe5 dxe5
11. c4 O-O-O 12. Rxe5 e6 13. Bg5 h6 14. Bxf6 gxf6 15. Rh5 Rg8 16. Nc3 f5 17. g3 Rg6 18. Qe2 a6 19. Rd1 Qc7 20. b3 Kb8
21. Qf3 Bd6 22. Ne2 Ka7 23. Kf1 Qa5 24. a4 Qb4 25. Qd3 Bc7 26. Qc2 Qb6 27. Rd3 Qb4 28. Qc1 exd5 29. Rxf5 dxc4 30. Rxd8 Bxd8
31. Qxc4 Qxc4 32. bxc4 Rb6 33. Rxf7 Rb4 34. Rd7 Bf6 35. f4 Rxc4 36. Rd6 Bb2 37. f5=
1/2-1/2

[Event "Ladder Tournament #3 Large"]
[Site "SchemingMind.com"]
[Date "2008.02.24"]
[Round "-"]
[White "GM Hector Walsh"]
[Black "doodledandy"]
[Result "1-0"]
[WhiteCountry "ARG"]
[BlackCountry "CAN"]
[WhiteElo "2539"]
[WhiteRD "117"]
[BlackElo "2461"]
[BlackRD "91"]
[GameID "143240"]

1. e4 c5 2. Nf3 Nc6 3. d4 cxd4 4. Nxd4 Nf6 5. Nc3 d6 6. Bg5 a6 7. Qd2 e6 8. O-O-O h6 9. Nxc6 bxc6 10. Bf4 d5
11. Qe3 Bb7 12. Be2 Qa5 13. Qg3 O-O-O 14. exd5 cxd5 15. Be5 Nd7 16. Bd4 f6 17. f4 Bd6 18. Rhf1 g5 19. Qh3 e5 20. fxe5 fxe5
21. Ba7 d4 22. Rf6 Bc7 23. Bg4 h5 24. Bf5 Ba8 25. Ne4 Kb7 26. Bxd7 Kxa7 27. Bc6 Qxa2 28. Bxa8 Rxa8 29. Qd7 Rac8 30. Nd6 Qa5
31. Nxc8+
1-0

[Event "Ladder Tournament #3 Large"]
[Site "SchemingMind.com"]
[Date "2008.05.30"]
[Round "-"]
[White "GM Hector Walsh"]
[Black "Chesster"]
[Result "1-0"]
[WhiteCountry "ARG"]
[BlackCountry "USA"]
[WhiteElo "2526"]
[WhiteRD "120"]
[BlackElo "1679"]
[BlackRD "128"]
[GameID "156891"]

1. e4 e6 2. Nf3 Nf6 3. d3 Nc6 4. g3 d5 5. Nbd2 Bd6 6. Bg2 O-O 7. O-O Qe7 8. Re1 Bc5 9. exd5 Nxd5 10. a3 Rd8
11. c4 Nf6 12. b4 Bd4 13. Nxd4 Nxd4 14. Nb3 Nxb3 15. Qxb3 Qd6 16. Bf4 Qb6 17. c5 Qb5 18. Bxc7 Rxd3 19. Qc2 Rd7 20. Be5 Ng4
21. c6 Rd8 22. Rad1 Rf8 23. a4 Qb6 24. Bd4 Qa6 25. Bc5 Re8 26. c7 e5 27. Rd6 Qxd6 28. Bxd6 Re6 29. Bc5 Nf6 30. a5 Ne8
31. Qd2 e4 32. Qd8 f5 33. Bf1 b5 34. Bxb5 Kf7 35. Bc4 Nf6 36. Bxe6+ Kxe6 37. Qe7+ Kd5 38. Qd6+ Kc4 39. Qc6 Bd7 40. Qxa8 h5
41. c8=Q Bxc8 42. Qxc8
1-0

[Event "Ladder Tournament #3 Large"]
[Site "SchemingMind.com"]
[Date "2008.05.30"]
[Round "-"]
[White "Chesster"]
[Black "GM Hector Walsh"]
[Result "0-1"]
[WhiteCountry "USA"]
[BlackCountry "ARG"]
[WhiteElo "1680"]
[WhiteRD "124"]
[BlackElo "2540"]
[BlackRD "121"]
[GameID "156899"]

1. e4 c5 2. Nf3 d6 3. Nc3 Nf6 4. Bb5+ Bd7 5. Bxd7+ Nbxd7 6. O-O g6 7. d3 Bg7 8. Bg5 O-O 9. Qd2 Re8 10. Bxf6 Nxf6
11. Rfe1 Nd7 12. a3 e6 13. Ra2 Rb8 14. b4 b5 15. Rb1 Qc7 16. bxc5 a6 17. Ne2 Nxc5 18. d4 Nxe4 19. Qd3 d5 20. a4 bxa4
21. c3 Qc4 22. Qc2 Bf8 23. Rxb8 Rxb8 24. Rxa4 Qxa4
0-1